000 01373cas a2200277 a 4500
005 20250116063855.0
006 s|||||o|||| 00| 0
008 991125c2010 mx fr p|o 000 0 spa d
022 _a2007-7467
035 _aUPN01000206300
040 _aMX-MxUPN
_bspa
_cMX-MxUPN
_eaacr2
049 _aREV-E
245 0 0 _aRIDE
_b: revista iberoamericana para la investigación y el desarrollo educativo
_h[recurso electrónico en línea]
260 _aJalisco:
_bCentro de Estudios e Investigación para el Desarrollo Docente A.C.,
_c2010 -
310 _aSemestral
506 0 _aAcceso abierto.
510 _aCONACYT.
510 _ae - Revistas.
510 _aREDIB.
520 _a"La Revista Iberoamericana para la Investigación y el Desarrollo Educativo es una publicación académica arbitrada en formato electrónico con una orientación multidisciplinaria. Tiene por objeto publicar textos originales universitarios de divulgación que se centren en la confluencia de los ámbitos temáticos propios de la investigación y desarrollo en la educación. Además, la revista pretende ser una plataforma para la difusión de novedades editoriales relevantes de este mismo ámbito".
_cRIDE.
650 4 _aEducación
_9682
650 4 _aEducación
_xInvestigación
_94070
856 4 _uhttp://www.ride.org.mx/index.php/RIDE
905 _aRevista
942 _cREV-E
999 _c178401
_d178401